Science Quiz

Random Science or Animal Quiz

Baby Beasts Quiz Stats

 Plays Quiz Updated Mar 18, 2020

Support Sporcle.
Go Orange.
Score 0/16 Timer 04:00
11 Plays Today
Image Animal % Correct
10Human
97.2%
13Monkey
94.4%
11Rat
93.9%
1Cat
90.4%
14Lion
90.3%
15Armadillo
86.9%
6Bat
80.9%
5Anteater
75.1%
Image Animal % Correct
12Koala
69.8%
3Sloth
59.5%
4Otter
51.8%
9Meerkat
48.5%
16Tapir
37.2%
2Badger
29.2%
8Wombat
24.8%
7Echidna
21.8%

You're not logged in!

Compare scores with friends on all Sporcle quizzes.
OR
Log In

From the Vault

Anthony Hopkins Movies

by Ben

Well, Clarice - have the lambs stopped screaming?
Remove Ads.
Support Sporcle.
Get the best of Sporcle when you Go Orange. This ad-free experience offers more features, more stats, and more fun while also helping to support Sporcle. Thank you for becoming a member.

Show Comments

Extras

Top Quizzes Today


Score Distribution

Your Account Isn't Verified!

In order to create a playlist on Sporcle, you need to verify the email address you used during registration. Go to your Sporcle Settings to finish the process.

Report this User

Report this user for behavior that violates our Community Guidelines.

Details: